From Mobility to Accessibility : Transforming Urban Transportation and Land-Use Planning /

Salvato in:
Dettagli Bibliografici
Autori principali: Levine, Jonathan (Autore), Grengs, Joe (Autore), Merlin, Louis A. (Autore)
Natura: Libro
Lingua:inglese
Pubblicazione: Ithaca (New York) : Cornell University Press, 2019
Edizione:1. vydania
Soggetti:
Tags: Aggiungi Tag
Nessun Tag, puoi essere il primo ad aggiungerne!!

MARC

LEADER 00000nam a22000003a 4500
001 0089276
003 SK-STU
005 20210702104924.0
007 ta
008 210702s ----xo-----e------000-0-----d
020 |a 978-1-5017-1608-9 
040 |a STU  |b slo 
041 0 |a eng 
044 |a xxu 
100 1 |a Levine, Jonathan  |4 aut 
245 1 0 |a From Mobility to Accessibility :  |b Transforming Urban Transportation and Land-Use Planning /  |c aut. Jonathan Levine, Joe Grengs, Louis A Merlin 
250 |a 1. vydania 
260 |a Ithaca (New York) :  |b Cornell University Press,  |c 2019 
300 |a 223 s. 
650 0 7 |a mobilita 
650 0 7 |a univerzálne navrhovanie 
650 0 7 |a urbanizmus a územné plánovanie 
650 0 7 |a doprava a mesto 
650 0 7 |a metropoly 
650 0 7 |a Spojené štáty americké 
700 1 |a Grengs, Joe  |4 aut 
700 1 |a Merlin, Louis A.  |4 aut 
996 |b 284AU08728  |c A* 12006/U  |l AAKNST  |s P  |a 0  |w 0089276_0001